000 00327nam a2200133 i 4500
001 bg
100 1 _aKANCEWICZ, Jan
245 0 _aPolska Partia Socjalistyczna w latach 1892-1896 /
_cJ. Kancewicz.
260 _aWarszawa,
_c1984.
040 _cBPK
041 _apol
942 _cKS
008 s pl f |000 0 pol
999 _c22679
_d22679
856 _uhttp://koha.tu.koszalin.pl/cgi-bin/koha/opac-detail.pl?biblionumber=22679
_yKatalog online BPK